000 00263nam a2200109Ia 4500
008 220204s9999 xx 000 0 und d
082 _a662.6
_bGIL
100 _aGilchrist, J D
245 0 _aFuels and refractories
260 _aLondon
_bPergamon
_c1963
942 _cBK
999 _c24035
_d24035